Bundesliga Player of the Month Winners - Statistics

General Stats
  • This quiz has been taken 41 times
  • The average score is 44 of 65
Answer Stats
Season Month Player Club % Correct
21/22 Sep Florian Wirtz Bayer Leverkusen
92%
23/24 Oct Florian Wirtz Bayer Leverkusen
92%
23/24 Dec Florian Wirtz Bayer Leverkusen
92%
23/24 Feb Florian Wirtz Bayer Leverkusen
92%
23/24 Season Florian Wirtz Bayer Leverkusen
92%
24/25 Dec Florian Wirtz Bayer Leverkusen
92%
24/25 Jan Florian Wirtz Bayer Leverkusen
92%
24/25 Oct Harry Kane Bayern München
92%
24/25 Season Harry Kane Bayern München
92%
19/20 Aug Robert Lewandowski Bayern München
89%
19/20 Season Robert Lewandowski Bayern München
89%
20/21 Oct Robert Lewandowski Bayern München
89%
23/24 Sep Serhou Guirassy VfB Stuttgart
89%
23/24 Mar Serhou Guirassy VfB Stuttgart
89%
24/25 Feb Serhou Guirassy Borussia Dortmund
89%
19/20 Jan Erling Haaland Borussia Dortmund
87%
20/21 Nov Erling Haaland Borussia Dortmund
87%
20/21 Apr Erling Haaland Borussia Dortmund
87%
20/21 Season Erling Haaland Borussia Dortmund
87%
21/22 Aug Erling Haaland Borussia Dortmund
87%
18/19 Sep Marco Reus Borussia Dortmund
84%
18/19 Nov Marco Reus Borussia Dortmund
84%
18/19 Dec Marco Reus Borussia Dortmund
84%
19/20 Oct Serge Gnabry Bayern München
84%
22/23 Nov Serge Gnabry Bayern München
84%
21/22 Jan Thomas Müller Bayern München
84%
24/25 Apr Michael Olise Bayern München
82%
22/23 Season Jude Bellingham Borussia Dortmund
79%
24/25 Sep Omar Marmoush Eintracht Frankfurt
74%
24/25 Nov Omar Marmoush Eintracht Frankfurt
74%
19/20 Nov Timo Werner RB Leipzig
74%
19/20 Dec Timo Werner RB Leipzig
74%
23/24 Nov Deniz Undav VfB Stuttgart
71%
23/24 Jan Deniz Undav VfB Stuttgart
71%
18/19 Oct Jadon Sancho Borussia Dortmund
71%
19/20 Feb Jadon Sancho Borussia Dortmund
71%
20/21 Feb Jadon Sancho Borussia Dortmund
71%
18/19 Jan Leon Goretzka Bayern München
71%
21/22 Dec Patrik Schick Bayer Leverkusen
66%
23/24 Apr Alejandro Grimaldo Bayer Leverkusen
63%
18/19 Feb Julian Brandt Bayer Leverkusen
63%
22/23 Jan Julian Brandt Borussia Dortmund
63%
22/23 Feb Julian Brandt Borussia Dortmund
63%
22/23 Sep Niclas Füllkrug Werder Bremen
61%
22/23 Oct Niclas Füllkrug Werder Bremen
61%
24/25 Mar Nico Schlotterbeck Borussia Dortmund
61%
23/24 Aug Victor Boniface Bayer Leverkusen
61%
20/21 Sep Andrej Kramarić 1899 Hoffenheim
55%
18/19 Apr Kai Havertz Bayer Leverkusen
55%
18/19 May Kai Havertz Bayer Leverkusen
55%
19/20 May Kai Havertz Bayer Leverkusen
55%
21/22 Oct Christopher Nkunku RB Leipzig
53%
21/22 Feb Christopher Nkunku RB Leipzig
53%
21/22 Mar Christopher Nkunku RB Leipzig
53%
21/22 Apr Christopher Nkunku RB Leipzig
53%
21/22 Season Christopher Nkunku RB Leipzig
53%
21/22 Nov Alphonso Davies Bayern München
32%
20/21 Dec Lars Stindl Borussia Mönchengladbach
32%
22/23 Apr Donyell Malen Borussia Dortmund
29%
20/21 Mar Filip Kostić Eintracht Frankfurt
29%
20/21 Jan André Silva Eintracht Frankfurt
24%
19/20 Sep Amine Harit Schalke 04
18%
18/19 Mar Max Kruse Werder Bremen
18%
22/23 Aug Sheraldo Becker Union Berlin
18%
22/23 Mar Raphaël Guerreiro Borussia Dortmund
13%
No matching quizzes found
Score Distribution
Percent of People with Each Score
Percentile by Number Answered
Your Score History
You have not taken this quiz